| 000 | 00473nam a22001817a 4500 | ||
|---|---|---|---|
| 003 | LK-CoDNM | ||
| 005 | 20241227102715.0 | ||
| 008 | 241227b |||||||| |||| 00| 0 eng d | ||
| 040 |
_aLK-CoDNM _dLK-CoDNM _eLK-CoDNM |
||
| 041 | _aeng | ||
| 080 |
_aRC _b210 |
||
| 100 | _apunnett r.c | ||
| 245 |
_aSpolia Zeylanica _bvol vii |
||
| 260 |
_acolombo _bh.c cottle government printer , ceylon _c1911 |
||
| 300 | _axiv, 222p. ; 24 cm | ||
| 650 | _abutterfly | ||
| 942 | _cBK | ||
| 999 |
_c234274 _d234274 |
||